Дело о выдаче свидетельств вдовам и сиротам служащих в Дирекции императорских театров

Доступно только в Электронных читальных залах Найти на картеНа карте
RUSMARC
00005036nmc2a22000003x 450
001b6432825-05d8-49ff-b7f1-6bf674cc6c50
00520190529170627.0
100##$a20161111l18081813k l0rusy0189 ca
1010#$arus
102##$aRU
2001#$aДело о выдаче свидетельств вдовам и сиротам служащих в Дирекции императорских театров
$j23 мая 1808 г. - 5 ноября 1813 г.
251##$cДело
300##$aДело
801#0$aRU
$bРГИА
$c20161111
$gRCR
801#1$aRU
$bГлавНИВЦ
$c20161111
$2rusmarc
801#2$aRU
$bПБ им. Б.Н. Ельцина
$c20180928
$gRCR
$2rusmarc
850##$aРГИА
852##$aРГИА
$eФедеральное казенное учреждение "Российский государственный исторический архив" (РГИА)
$j132
937##$hРГИА
$d12233950
$aASBIBLIO_SCAN
462#0$1001dd3991dc-24e1-42ec-8838-ca4255420416
$12001
$a1746-1850 гг.
$1251
$cОпись
$1852
$j1
461#0$10019264ebf8-de62-4f1a-9eb4-9f22098dbbd5
$12001
$aДирекция императорских театров МИДв
$1251
$cФонд
$1852
$j497
215##$a63 л.
$d36,5х26 см
371##$aДокумент не является опубликованным и широко распространяемым
105##$ay###
1222#$ad
035##$ab6432825-05d8-49ff-b7f1-6bf674cc6c50
856##$uhttp://readingroom.main.prlib.ru/item.aspx?id_node=n118718497&mode=full
6061#$2prlib_sh
$3LIBNET\UAF\0000083418
$aРаботники театра
$xИстория
$yРоссия
$jДокументы и материалы
60101$2prlib_sh
$3LIBNET\UAF\0000080151
$aРоссия
$bДирекция императорских театров
$xДеятельность
$jДокументы и материалы
686##$2rubbk
$a85.33
$vLBC/M
686##$a63.3(2)521.1-7
$2rubbk
$3LBC/M
605##$2acquisition_Prlib
$3LIBNET\UAF\0000080478
$aГод театра в России
$lколлекция
605##$2acquisition_Prlib
$3DITM\AF\0000004166
$aРоссия в лицах
$lколлекция
Формат отображения